000 00346nam a2200133Ia 4500
008 220216s9999 xx 000 0 und d
100 _aDallas John F
_cet al
245 3 _aAn RFLP species-specific DNA sequence for the A genome of rice
260 _bGenome
_c1993
300 _a445-448
650 _aOryza sativa
650 _aRFLP
942 _cJS
999 _c54196
_d54196